00301pab a2200121 454500008004000000100002200040245005400062260000900116300001200125362001200137650001700149773001300166180718b1980 xxu||||| |||| 00| 0 eng d aBanerjee, Nirmala aMunicipal property tax: A new approach (Comments) c1980 ap.9-11. aJul-Sep aProperty tax aNagarlok